| 000 | 00847nam a2200265 i 4500 | ||
|---|---|---|---|
| 999 |
_c7909 _d7909 |
||
| 001 | 991060407983106706 | ||
| 003 | OSt | ||
| 005 | 20240617130646.0 | ||
| 008 | 191212s2019 spca||| |||| 0|0 0 spa| | ||
| 015 |
_aLL2022 _2bnc |
||
| 017 |
_aDL B 14804-2021 _bBiblioteca de Catalunya |
||
| 020 | _a9788418703126 | ||
| 040 |
_aES-BaBC _bcat _erda _cCDMR |
||
| 080 |
_a654.1:004.624 _22004 |
||
| 100 | 1 | _aRamis, Aina, | |
| 245 | 1 | 0 |
_aEsto es Twitch : _bguía práctica : aprende a transmitir con éxito todo tipo de contenido en la plataforma de enorme éxito mundial / _cAina Ramis |
| 264 | 1 |
_aBarcelona : _bRedbook, _c2021 |
|
| 300 |
_a190 pàgines : _bil·lustracions ; _c22 cm |
||
| 490 | 1 | _aMa Non Troppo / Taller de comunicación | |
| 504 | _aBibliografia | ||
| 650 | 0 |
_94953 _aTwitch |
|
| 908 |
_aBC _aUB |
||
| 940 | _aBC | ||
| 942 |
_2udc _cMON |
||